| 000 | 01010nam a22003257a 4500 | ||
|---|---|---|---|
| 003 | CHAP | ||
| 005 | 20220817041022.0 | ||
| 008 | 971013s1989 r 00010 d | ||
| 010 | _a4679 | ||
| 011 | _a5651 | ||
| 035 | _a4865 | ||
| 040 | _cCHAP | ||
| 090 | _aFolleto 13633 | ||
| 110 | _aUniversidad Veracruzana | ||
| 245 | _aApoyo a la titulación de egresados | ||
| 260 |
_a[Veracruz, Ver] : _bLa Universidad, _c1989 |
||
| 300 | _a59 p. | ||
| 490 |
_aDocumento de apoyo para instrumentar el programa _v;4 |
||
| 500 | _aD54-58 | ||
| 590 |
_aBATCH-UPD _b10 _c20130110 _lUCH01 _h1618 |
||
| 590 |
_aBATCH-UPD _b10 _c20130410 _lUCH01 _h1013 |
||
| 590 |
_aBATCH-UPD _b10 _c20130914 _lUCH01 _h1605 |
||
| 590 |
_aCONVERSION _b10 _c20130109 _lUCH01 _h1304 |
||
| 650 | 1 | 4 |
_aExámenes. _939050 |
| 650 | 1 | 4 |
_aUniversidades _xAdministración. _9116596 |
| 830 | 0 |
_aDocumento de apoyo para instrumentar el programa _v;4 _933218 |
|
| 901 | _aBK | ||
| 942 | _cFOLL | ||
| 949 |
_aFolleto 13633 _bBC _cFOLL _d-14429 _eTS1 _i4865 _si |
||
| 999 |
_c4679 _d4679 |
||